|
|
|
|
| LEADER |
01478nam a2200385Ia 4500 |
| 001 |
EBC698231 |
| 003 |
MiAaPQ |
| 005 |
20200520144314.0 |
| 006 |
m o d | |
| 007 |
cr cn||||||||| |
| 008 |
090930s2010 enka sb 001 0 eng d |
| 010 |
|
|
|z 2009038962
|
| 020 |
|
|
|z 0470742461
|
| 020 |
|
|
|z 9780470742464
|
| 020 |
|
|
|z 9781119965916
|
| 035 |
|
|
|a (MiAaPQ)EBC698231
|
| 035 |
|
|
|a (Au-PeEL)EBL698231
|
| 035 |
|
|
|a (CaPaEBR)ebr10510621
|
| 035 |
|
|
|a (CaONFJC)MIL462749
|
| 035 |
|
|
|a (OCoLC)773564601
|
| 040 |
|
|
|a MiAaPQ
|c MiAaPQ
|d MiAaPQ
|
| 050 |
|
4 |
|a HD57.7
|b .K484 2010
|
| 100 |
1 |
|
|a Kets de Vries, Manfred F. R.
|
| 245 |
1 |
0 |
|a Reflections on leadership and career development
|h [electronic resource] /
|c Manfred F.R. Kets de Vries.
|
| 260 |
|
|
|a Chichester, West Sussex ;
|a San Francisco, CA :
|b John Wiley & Sons,
|c c2010.
|
| 300 |
|
|
|a xvi, 263 p. :
|b ill.
|
| 490 |
1 |
|
|a On the couch with Manfred Kets de Vries
|
| 504 |
|
|
|a Includes bibliographical references and index.
|
| 533 |
|
|
|a Electronic reproduction. Ann Arbor, MI : ProQuest, 2015. Available via World Wide Web. Access may be limited to ProQuest affiliated libraries.
|
| 650 |
|
0 |
|a Leadership
|x Psychological aspects.
|
| 650 |
|
0 |
|a Leadership.
|
| 655 |
|
4 |
|a Electronic books.
|
| 710 |
2 |
|
|a ProQuest (Firm)
|
| 800 |
1 |
|
|a Kets de Vries, Manfred F. R.
|t On the couch with Manfred Kets de Vries.
|
| 856 |
4 |
0 |
|u https://ebookcentral.proquest.com/lib/matrademy/detail.action?docID=698231
|z Click to View
|